Les 20 villes les plus peuplées de l'Hérault (34) - Statistiques

Statistiques générales
  • Ce quiz a été pris 160 fois
  • Le résultat moyen est 10 sur 20
Statistiques - réponses
HINT HINT ANSWER % Correct
307 101 M Montpellier
100%
80 815 B Béziers
96%
45 090 S Sète
91%
29 612 A Agde
82%
26 380 L Lunel
69%
23 788 F Frontignan
67%
25 404 C Castelnau-le-Lez
61%
17 592 L Lattes
54%
13 776 J Juvignac
52%
9 372 C Clermont-l'Hérault
50%
8 508 L La Grande-Motte
48%
16 417 M Mauguio
45%
12 711 M Mèze
44%
13 300 S Saint-Jean-de-Védas
42%
9 541 P Pérols
35%
10 406 V Villeneuve-lès-Maguelone
31%
10 530 S Saint-Gély-du-Fesc
24%
8 437 S Sérignan
22%
9 060 G Grabels
20%
9 267 L Le Crès
15%
Aucun quiz correspondant
Distribution des résultats
% des personnes avec chaque résultat
Percentile par nombre de réponses
Votre historique - résultats
Vous n’avez pas pris ce quiz